000 01202cad a22002055a 4500
001 E148803
008 091111s2009 xxk v 000 0 eng d
035 _a(Sirsi) u148803
041 0 _aeng
245 0 0 _aRidgeland Properties Limited v Bristol City Council
_h[electronic resource]
260 _c2009
520 _a[2009] UKUT 102 (LC) 29 September-3 October, 6-10 and 13-14 October 2008. A decision to determine the compensation payable to Ridgeland Properties Limited by Bristol City Council in respect of the compulsory acquisition of Tollgate House, Houlton Street, Bristol under the Bristol City Council (Broadmead Expansion, Bristol) Compulsory Purchase Order 2003. "Held:" compensation payable in the sum of £4 500 000.
590 _aKA
650 2 4 _aBRISTOL CITY COUNCIL (BROADMEAD EXPANSION, BRISTOL) COMPULSORY PURCHASE ORDER 2003
650 2 4 _aRIDGELAND PROPERTIES LIMITED V BRISTOL CITY COUNCIL
651 4 _aEngland
_y886-
690 _aENVIRONMENTAL AND LAND CONSULTANCY-PLANNING AND DEVELOPMENT-COMPULSORY PURCHASE AND COMPENSATION
856 4 0 _uhttps://www.bailii.org/uk/cases/UKUT/LC/2009/ACQ_447_2007.html
_zView the decision free of charge at www.bailii.org...
942 _n0
999 _c81964
_d81964